000 00433nam a2200181Ia 4500
001 15805
005 20260306170223.0
008 260306t2017||||xx |||||||||||||| ||und||
041 _aESP
082 _a620.11
_bB33 2017
100 _aBeer, Ferdinand P.,
_eAUT
245 0 _aMecánica de materiales
260 _c2017
300 _axviii, 724 páginas :
_c26 cm.
650 _aGEN
654 _aCIC
942 _cLIB
_dJUS
_fJUS
_2ddc
_n
999 _c15805
_d15805